000 01132nam a2200205Ii 4500
003 JO-AjNU
008 230605s9999||||xx |||||||||||||| ||und||
017 _a1991/9/534
040 _aJO-AjNU
_bara
_erda
_cJO-AjNU
041 _aara
050 1 4 _aLC903.M67 1991
100 3 _aمؤتمر نحو بناء نظرية تربوية إسلامية معاصرة عمان - الاردن 2-5 محرم 1411هجري/ 24-27 تموز ( يوليو)1: 1990، تحرير فتحي حسن ملكاوي,
_eauthor
_952295
245 0 0 _aبحوث المؤتمر التربوي: مؤتمر نحو بناء نظرية تربوية إسلامية معاصرة عمان - الاردن 2-5 محرم 1411هجري / 24-27 تموز ( يوليو) 1990م ، الجزء الثاني
264 3 1 _aعمان: المعد العالمي للفكر الاسلامي، 1991
300 _a598ص
336 _atext
_btxt
_2rdacontent
337 _aunmediated
_bn
_2rdamedia
338 _avolume
_bnc
_2rdacarrier
650 4 _aالتعليم - مؤتمرات - التربية الاسلامية - مؤتمرات - الاسلام والتربية والتعليم
_952296
999 _aA23157
_c26725
_d26725